States of Austria Quiz - Statistics

General Stats
  • This quiz has been taken 21 times
  • The average score is 8 of 9
Answer Stats
State % Correct
Vienna
100%
Lower Austria
92%
Salzburg
92%
Styria
92%
Upper Austria
92%
Carinthia
85%
Tyrol
85%
Vorarlberg
85%
Burgenland
77%
No matching quizzes found
Score Distribution
Percent of People with Each Score
Percentile by Number Answered
Your Score History
You have not taken this quiz